Foreign-born Population of NYC by Borough Quiz Stats

Quiz Updated Feb 2, 2015

Also try: Boroughs of NYC
Challenge
Share
Tweet
Embed
Score 0/50 Timer 05:00
1 Play Today
Borough Country % Correct
BronxMexico
95.6%
QueensMexico
95.6%
BrooklynMexico
95.6%
ManhattanMexico
95.6%
Staten IslandMexico
95.6%
QueensChina
93.9%
BrooklynChina
93.9%
ManhattanChina
93.9%
Staten IslandChina
93.9%
BronxItaly
89.4%
Staten IslandItaly
89.4%
ManhattanJapan
89.2%
BrooklynRussia
87.4%
Staten IslandRussia
87.4%
ManhattanCanada
85.4%
ManhattanGermany
83.2%
QueensIndia
82.8%
Staten IslandIndia
82.8%
ManhattanUnited Kingdom
82%
BronxIreland
76.5%
ManhattanCuba
74.9%
QueensKorea
70.9%
ManhattanKorea
70.9%
Staten IslandKorea
70.9%
BrooklynPoland
64.7%
Borough Country % Correct
Staten IslandPoland
64.7%
BronxDominican Republic
60.4%
QueensDominican Republic
60.4%
BrooklynDominican Republic
60.4%
ManhattanDominican Republic
60.4%
BrooklynHaiti
60%
BronxJamaica
57.4%
QueensJamaica
57.4%
BrooklynJamaica
57.4%
Staten IslandEgypt
57%
QueensColombia
52.6%
BrooklynUkraine
45.5%
Staten IslandUkraine
45.5%
QueensPhilippines
41.6%
Staten IslandPhilippines
41.6%
BronxHonduras
38.3%
BronxEcuador
27.5%
QueensEcuador
27.5%
ManhattanEcuador
27.5%
BronxGhana
19.6%
BronxTrinidad & Tobago
18.5%
BrooklynTrinidad & Tobago
18.5%
BronxGuyana
12.7%
QueensGuyana
12.7%
BrooklynGuyana
12.7%

You're not logged in!

Compare scores with friends on all Sporcle quizzes.
Join for Free
OR
Log In

You Might Also Like...

Show Comments

Extras

Top Quizzes Today


Score Distribution

Your Account Isn't Verified!

In order to create a playlist on Sporcle, you need to verify the email address you used during registration. Go to your Sporcle Settings to finish the process.

Report this User

Report this user for behavior that violates our Community Guidelines.

Details: